00402 2200157 4500001002100000005001500021035002000036245005400056100002000110300002700130260003100157082000800188084001400196020002200210990001200232INLIS00000000000266820250903093216 a0010-09250000151 aMikrobiologi :bMengenal Virus /cHebert Adrianto0 aHebert Adrianto a58 hlm ;c14,5 x 21 cm aJakarta :bErlangga,c2022 a574 a574 HEB m a978-623-266-808-9 a0755354